| 000 | 03711nam0a2200433 4500 | ||
|---|---|---|---|
| 001 | RU\NLR\BIBL_A\012887019 | ||
| 005 | 20221202143756.0 | ||
| 010 |
_a978-5-9933-0388-8 _9400 |
||
| 021 |
_aRU _bКН-П-22-048327 _9КН-П-22-4190 |
||
| 035 | _a(NLR Aleph) 012887019 | ||
| 035 | _a(RuMoRGB)011155586 | ||
| 090 |
_a12538535 _c12538535 |
||
| 100 | _a20220913d2022 u y0rusy50 ca | ||
| 101 | 0 | _arus | |
| 102 | _aRU | ||
| 105 | _aa z 000zy | ||
| 181 | 0 |
_ai _baxxe |
|
| 182 | 0 | _an | |
| 200 | 1 |
_aСовременные тенденции и проблемы современной радиохимии и фармацевтики в работе научно-образовательных центров _eколлективная монография _fАбрамова Е. С., Волков М. А., Герман К. Э. [и др.] _gпод редакцией К. Э. Германа, С. Н. Рягина _gМинистерство науки и высшего образования РФ, ИФХЭ РАН [и др.] |
|
| 203 |
_aТекст _bвизуальный _cнепосредственный |
||
| 210 |
_aМосква _cГраница _d2022 |
||
| 215 |
_a316 с. _cил. _d21 |
||
| 320 | _aБиблиогр. в конце ст. | ||
| 330 | _aДанная коллективная монография написана в соответствии с содержанием Государственных образовательных стандартов и программой дисциплины "Физико-химические методы анализа" по специальности "Медицина", направлению и программой большого практикума (раздел "Физико-химические методы анализа"), который выполняется студентами по специальности "Биология", "Биотехнология". B нем изложены основы физико-химических методов анализа. Рассмотрены условия и области применения методов, их достоинства и недостатки, ограничения, перспективы развития и другие особенности и характеристики. В конце каждой главы даны задания для самостоятельной работы, приведены контрольные вопросы. Предназначено для студентов-медиков, биологов, химиков, аспирантов, научных работников | ||
| 606 | 1 |
_aРадиофармацевтические препараты _91163723 _3RU\NLR\AUTH\66466058 |
|
| 606 | 1 |
_aРадиохимия _91047611 _3RU\NLR\AUTH\6686376 |
|
| 675 |
_a544.58 _v4 |
||
| 686 | 1 | _aР364.7 | |
| 686 | 1 | _aР365.7 | |
| 686 | 1 | _aГ13 | |
| 701 | 1 |
_7ca _8rus _aАбрамова _bЕ. С. _cспециалист в обл. радиохимии _gЕлена Сергеевна _9232584 _3RU\NLR\AUTH\770232640 |
|
| 701 | 1 |
_7ca _8rus _aВолков _bМ. А. _cканд. хим. наук, радиохимия _gМихаил Александрович _9249552 _3RU\NLR\AUTH\770249608 |
|
| 701 | 1 |
_7ca _8rus _aГерман _bК. Э. _cд-р хим. наук _f1957- _gКонстантин Эдуардович _9254648 _3RU\NLR\AUTH\770254704 |
|
| 702 | 1 |
_4340 _7ca _8rus _aГерман _bК. Э. _cд-р хим. наук _f1957- _gКонстантин Эдуардович _9254648 _3RU\NLR\AUTH\770254704 |
|
| 942 | _cBOOK | ||
| 980 | _aNB | ||